LEADER 01020nam a2200229 i 4500 001 000000158315 003 CaOOAMICUS 005 20070205000000.0 008 070205s1994 it u000 u ita u 013 $a135678 040 $aSeMil$bita 100 1 $aCapodici, Salvatore.$0(OLS)http://semarc/name/41347 245 10$aAnnone di Brianza :$bAmbiente, Storia, Arte /$cSalvatore Capodici. 260 $a[Annone di Brianza] :$bAmministrazione Comunale,$c1994$e(Oggiono (Lc) :$fGrafiche Riga,$g1994) 300 $a196 p. :$briccamente ill., tabelle, grafici ;$c24 cm. 500 $aContiene : Bibliografia. 650 4$aAnnone di Brianza.$0(OLS)http://semarc/subject/16912 850 $aSeMil 852 $aSeMil$W1$xVenegono$y1$m3P III 50$j109966$B109966$CSeMilBibl$Z2$F121229 $81 961 $aOmaggio: Scanziani don Francesco 996 $6245$aAnnone di Brianza :$bAmbiente, Storia, Arte$9(OLS)http://semarc/title/139676 996 $6260$a[Annone di Brianza] :$bAmministrazione Comunale$9(OLS)http://semarc/publisher/44057 LEADER 01179nam a2200265 i 4500 001 000000255706 003 CaOOAMICUS 005 20171012000000.0 008 171012s2017 it u000 u ita u 013 $a234614 020 $a978-88-10-41225-1 040 $aSeMil$bita 100 1 $aFrosini, Giordano,$d<1927-2019>.$0(OLS)http://semarc/name/8003 245 10$aIldegarda di Bingen :$buna biografia teologica /$cGiordano Frosini. 260 $aBologna :$bEDB,$c2017. 300 $a265 p. ;$c22 cm. 490 0 $aNuovi saggi teologici : collana interconfessionale per la promozione della ricerca teologica ;$v117 650 4$aIldegarda : di Bingen .$0(OLS)http://semarc/subject/611 830 0$aNuovi saggi teologici ;$v117.$0(OLS)http://semarc/title/422386 850 $aSeMil 852 $aSeMil$W1$xVenegono$y1$m2LA N 117$j264855$B206052$CSeMilBibl$Z2$F219471 $81 961 $aSottoscrizione: LdS 996 $6020$a978-88-10-41225-1$9(OLS)http://semarc/number/279708 996 $6245$aIldegarda di Bingen :$buna biografia teologica$9(OLS)http://semarc/title/411835 996 $6260$aBologna :$bEDB$9(OLS)http://semarc/publisher/29669